[Event "St Petersburg Summer op"]
[Site "St Petersburg"]
[Date "2017.08.23"]
[Round "8"]
[White "Klepikov, Nikita"]
[Black "Shoshin, Boris"]
[Result "1-0"]
[WhiteElo "2305"]
[BlackElo "2080"]
[PlyCount "91"]
[EventDate "2017.08.16"]
[EventType "swiss"]
[EventRounds "9"]
[EventCountry "RUS"]
[SourceTitle "CBM 180 Extra"]
[Source "ChessBase"]
[SourceDate "2017.10.06"]
[SourceVersion "1"]
[SourceVersionDate "2017.10.06"]
[SourceQuality "1"]

1. e4 c5 2. Nf3 Nc6 3. d4 cxd4 4. Nxd4 Nf6 5. Nc3 e6 6. Ndb5 Bb4 7. Nd6+ Ke7 8. Bf4 e5 9. Nf5+ Kf8 10. Bd2 d5 11. Ng3 d4 12. Nb1 Be6 13. Bxb4+ Nxb4 14. a3 Nc6 15. Nd2 h5 16. h3 h4 17. Ne2 Nh5 18. Nc1 Qg5 19. Nd3 f5 20. Qf3 Rh6 21. Nc5 d3 22. Nxe6+ Rxe6 23. Qxf5+ Qxf5 24. exf5 Rf6 25. Bxd3 Nd4 26. Ne4 Rb6 27. 0-0-0 Nf4 28. g3 Nxd3+ 29. Rxd3 Rc8 30. c3 Ke7 31. g4 Ne2+ 32. Kc2 Nf4 33. Re3 Ng2 34. Rf3 Rc4 35. Nd2 Ra4 36. c4 Rd6 37. Rg1 e4 38. Rc3 Nf4 39. Re1 g5 40. Nxe4 Ng2 41. Rg1 Rd4 42. Nc5 Raxc4 43. Rxg2 b5 44. f3 a5 45. Re2+ Kf7 46. Ne4 1-0

[Event "St Petersburg Summer op"]
[Site "St Petersburg"]
[Date "2017.08.21"]
[Round "6"]
[White "Tran, Minh Thang"]
[Black "Shoshin, Boris"]
[Result "0-1"]
[WhiteElo "2367"]
[BlackElo "2080"]
[PlyCount "130"]
[EventDate "2017.08.16"]
[EventType "swiss"]
[EventRounds "9"]
[EventCountry "RUS"]
[SourceTitle "CBM 180 Extra"]
[Source "ChessBase"]
[SourceDate "2017.10.06"]
[SourceVersion "1"]
[SourceVersionDate "2017.10.06"]
[SourceQuality "1"]

1. d4 d5 2. Bf4 Nf6 3. e3 e6 4. Nd2 c5 5. c3 Nc6 6. Ngf3 Bd6 7. Bg3 0-0 8. Bb5 Ne7 9. Bd3 Ng6 10. Ne5 c4 11. Bc2 b5 12. a3 Bb7 13. f4 a5 14. h4 Ne7 15. h5 Ne4 16. Qf3 f6 17. Ng4 f5 18. Ne5 b4 19. Nxe4 dxe4 20. Qe2 Bxe5 21. fxe5 Nd5 22. Qd2 bxc3 23. bxc3 Qg5 24. Bf2 f4 25. exf4 Nxf4 26. 0-0-0 Ne2+ 27. Kb2 Qxd2 28. Rxd2 Rxf2 29. Re1 Rxg2 30. Rdxe2 Rxe2 31. Rxe2 Rf8 32. Bxe4 Bxe4 33. Rxe4 Rf2+ 34. Kb1 Rh2 35. d5 exd5 36. Rd4 Kf7 37. Rxd5 Ke6 38. Rxa5 Rxh5 39. Ra6+ Kf5 40. e6 Kf6 41. a4 Re5 42. Rb6 h5 43. Kb2 h4 44. Ka3 Rxe6 45. a5 h3 46. Rb8 Ke5 47. Rh8 Rh6 48. Re8+ Kf4 49. Re1 h2 50. Rh1 Kg3 51. Kb4 Rc6 52. Kb5 Rc8 53. Ra1 Kg2 54. Ra2+ Kh3 55. Ra1 g5 56. a6 g4 57. a7 g3 58. a8Q Rxa8 59. Rxa8 h1Q 60. Rh8+ Kg2 61. Rxh1 Kxh1 62. Kxc4 g2 63. Kb5 g1Q 64. c4 Qg8 65. c5 Qc8 0-1

[Event "St Petersburg Summer op"]
[Site "St Petersburg"]
[Date "2017.08.20"]
[Round "5"]
[White "Putrenko, Kirill"]
[Black "Shoshin, Boris"]
[Result "0-1"]
[WhiteElo "1876"]
[BlackElo "2080"]
[PlyCount "64"]
[EventDate "2017.08.16"]
[EventType "swiss"]
[EventRounds "9"]
[EventCountry "RUS"]
[SourceTitle "CBM 180 Extra"]
[Source "ChessBase"]
[SourceDate "2017.10.06"]
[SourceVersion "1"]
[SourceVersionDate "2017.10.06"]
[SourceQuality "1"]

1. Nf3 Nf6 2. d4 d5 3. e3 e6 4. Bd3 Bd6 5. b3 0-0 6. Bb2 b6 7. 0-0 Bb7 8. Ne5 Nbd7 9. Nd2 Ne4 10. f3 Nxd2 11. Qxd2 c5 12. Qe2 Rc8 13. f4 f5 14. c4 cxd4 15. exd4 Rf6 16. Rac1 Bxe5 17. dxe5 Rg6 18. cxd5 Bxd5 19. Rxc8 Qxc8 20. Rc1 Qd8 21. g3 Nc5 22. Ba3 Bb7 23. Bxc5 bxc5 24. Bc4 Qb6 25. Qf2 Qc6 26. Kf1 h5 27. Be2 h4 28. g4 fxg4 29. Qxc5 Qh1+ 30. Qg1 Qe4 31. Qf2 g3 32. hxg3 hxg3 0-1

[Event "St Petersburg Summer op"]
[Site "St Petersburg"]
[Date "2017.08.19"]
[Round "4"]
[White "Shoshin, Boris"]
[Black "Alekseenko, Kirill"]
[Result "0-1"]
[WhiteElo "2080"]
[BlackElo "2575"]
[PlyCount "54"]
[EventDate "2017.08.16"]
[EventType "swiss"]
[EventRounds "9"]
[EventCountry "RUS"]
[SourceTitle "CBM 180 Extra"]
[Source "ChessBase"]
[SourceDate "2017.10.06"]
[SourceVersion "1"]
[SourceVersionDate "2017.10.06"]
[SourceQuality "1"]

1. d4 d5 2. c4 dxc4 3. Nf3 a6 4. e3 Bg4 5. Bxc4 e6 6. Qb3 Bxf3 7. gxf3 Ra7 8. Nc3 Nf6 9. Bd2 Nbd7 10. Ne4 Be7 11. Bc3 0-0 12. Rg1 b5 13. Bd3 g6 14. a4 b4 15. Bd2 c5 16. a5 Qb8 17. Ke2 cxd4 18. exd4 Nd5 19. Bc4 N7f6 20. Qd3 Rd8 21. Bg5 Nh5 22. Kf1 Qxh2 23. Bxe7 Rxe7 24. Bxd5 exd5 25. Ng5 h6 26. Nxf7 Qh3+ 27. Rg2 Nf4 0-1

[Event "St Petersburg Summer op"]
[Site "St Petersburg"]
[Date "2017.08.16"]
[Round "1"]
[White "Shoshin, Boris"]
[Black "Shimanov, Aleksandr"]
[Result "1/2-1/2"]
[WhiteElo "2080"]
[BlackElo "2646"]
[PlyCount "120"]
[EventDate "2017.08.16"]
[EventType "swiss"]
[EventRounds "9"]
[EventCountry "RUS"]
[SourceTitle "CBM 180 Extra"]
[Source "ChessBase"]
[SourceDate "2017.10.06"]
[SourceVersion "1"]
[SourceVersionDate "2017.10.06"]
[SourceQuality "1"]

1. d4 Nf6 2. c4 e6 3. Nc3 Bb4 4. a3 Bxc3+ 5. bxc3 c5 6. f3 d5 7. cxd5 exd5 8. e3 0-0 9. Bd3 b6 10. Ne2 Ba6 11. 0-0 Re8 12. Ng3 h5 13. Bxa6 Nxa6 14. e4 cxd4 15. Bg5 dxe4 16. fxe4 dxc3 17. Qe2 Qd4+ 18. Be3 Qe5 19. Qxa6 h4 20. Nf5 Ng4 21. Bf4 Qxe4 22. h3 Qxf5 23. hxg4 Qxg4 24. Qb7 Rad8 25. Qf3 Qxf3 26. Rxf3 c2 27. Rc1 Rd1+ 28. Rf1 Re4 29. Bb8 Rd2 30. Rf2 Ree2 31. Rxe2 Rxe2 32. Kf1 Rd2 33. Bf4 Rd4 34. Be3 Rd3 35. Ke2 Rxa3 36. Rxc2 b5 37. Rc8+ Kh7 38. Rc7 Kg6 39. Rxa7 Rxa7 40. Bxa7 Kf5 41. Bc5 g5 42. Be7 f6 43. Kf3 g4+ 44. Ke3 Ke5 45. Kf2 Ke6 46. Bb4 f5 47. Ke3 Ke5 48. Bc3+ Kd5 49. Kf4 Kc4 50. Be5 Kd5 51. Bf6 h3 52. gxh3 gxh3 53. Kg3 Ke4 54. Kxh3 Kf3 55. Be7 f4 56. Bd6 Ke3 57. Kg2 b4 58. Bxb4 Ke2 59. Bc5 f3+ 60. Kg3 f2 1/2-1/2

[Event "Moscow op-A"]
[Site "Moscow"]
[Date "2016.02.02"]
[Round "4"]
[White "Shoshin, Boris"]
[Black "Smirnov, Timofey"]
[Result "0-1"]
[WhiteElo "2068"]
[BlackElo "2288"]
[PlyCount "77"]
[EventDate "2016.01.30"]
[EventType "swiss"]
[EventRounds "9"]
[EventCountry "RUS"]
[SourceTitle "CBM 170 Extra"]
[Source "ChessBase"]
[SourceDate "2016.02.25"]
[SourceVersion "1"]
[SourceVersionDate "2016.02.25"]
[SourceQuality "1"]

1. e4 e5 2. Nf3 Nc6 3. Bb5 a6 4. Ba4 Nf6 5. 0-0 Be7 6. d4 exd4 7. e5 Ne4 8. Nxd4 Nc5 9. Nf5 Bf8 10. Nc3 Nxa4 11. Nxa4 d6 12. Nd4 Nxe5 13. f4 Nc6 14. Nxc6 bxc6 15. Re1+ Be7 16. Qe2 Kf8 17. g4 Bh4 18. Rf1 h5 19. g5 Bh3 20. Bd2 Qd7 21. f5 Bxf1 22. Rxf1 f6 23. Qe4 Bxg5 24. Bxg5 fxg5 25. h3 Re8 26. Qd4 Qe7 27. Rf3 Qe4 28. Qc3 Qxa4 29. f6 Re5 30. Qd3 Qe4 31. Qf1 gxf6 32. Rxf6+ Ke8 33. Qxa6 Qe3+ 34. Rf2 Qg3+ 35. Kh1 Re1+ 36. Rf1 Qxh3+ 37. Kg1 Qxf1+ 38. Qxf1 Rxf1+ 39. Kxf1 0-1

[Event "Moscow op-A"]
[Site "Moscow"]
[Date "2016.02.01"]
[Round "3"]
[White "Fomin, Andrey2222"]
[Black "Shoshin, Boris"]
[Result "0-1"]
[WhiteElo "2241"]
[BlackElo "2068"]
[PlyCount "60"]
[EventDate "2016.01.30"]
[EventType "swiss"]
[EventRounds "9"]
[EventCountry "RUS"]
[SourceTitle "CBM 170 Extra"]
[Source "ChessBase"]
[SourceDate "2016.02.25"]
[SourceVersion "1"]
[SourceVersionDate "2016.02.25"]
[SourceQuality "1"]

1. Nf3 d5 2. e3 Nf6 3. b3 g6 4. Bb2 Bg7 5. Be2 0-0 6. 0-0 c5 7. Ne5 Qc7 8. f4 Nc6 9. Na3 a6 10. Nxc6 Qxc6 11. c4 Bf5 12. d3 Qe6 13. Be5 dxc4 14. Nxc4 Rfd8 15. Qc2 b5 16. e4 bxc4 17. exf5 cxb3 18. fxe6 bxc2 19. exf7+ Kxf7 20. Bxf6 Bxf6 21. Rac1 c4 22. Rf3 Rab8 23. Rxc2 Bd4+ 24. Kh1 Rb1+ 25. Rf1 Rdb8 26. Rcc1 Rxc1 27. Rxc1 Rb2 28. Bf3 c3 29. Bd5+ Kg7 30. Bb3 Be3 0-1